000 00664nam a2200277Ia 4500
005 20260324135902.0
008 008 260324s9999 xx 000 0 eng d
020 _a9780203360897
037 _aEBOOK
040 _aCRL
040 _beng
040 _cCRL
041 _2eng
041 _aeng
084 _qCRL
100 _aPriscilla Roth; Ruth Riesenberg-Malcolm
_91202287
245 0 _aOn Bearing Unbearable States of Mind
260 _bTaylor and Francis
260 _c1999
365 _a
365 _b185
856 _uhttp://www.taylorfrancis.com/books/9780203360897
942 _cEBOOK
999 _c1803817
_d1803817